00964nam a2200181 i 4500001000700000003000900007005001700016008004100033100005600074245011400130260006200244300004500306599004200351650005700393852018300450999001900633952013000652189573ES-MaACL20231224062936.0190620s1854 sp bf |||| | spa d1 aBotella y de Hornos, Federico de,d1822-189993076010aOjeada sobre la geología del Reino de Valencia / cpor Federico de Botella ; 1854, publicada de Real Orden. aMadrid : bImp. de la Viuda de Don Antonio Yenes, c1854. a15 p., [2] h. de lám. pleg. ; c28 cm. a1 lám. es 1 mapa geológico a col. 4aGeología-zValencia (Comunidad Autónoma)9167378 aES-MaACLjL-32448(5) z- Enc. cart. z. - Legado Federico de Botella y de Hornos z- Enc. en un vol. facticio, con tít. en el lomo de: España, geología: memorias varias, 1 c189573d189573 001040708LIBXIXaATENEOMbATENEOMcDEPO2d2019-06-20eDONl0oL-32448(5)p1200883r2023-02-23 00:00:00w2023-02-23yMONANT